[Event "Mittelfranken Mitte-ch 0607"]
[Site "Zirndorf"]
[Date "2007.01.05"]
[Round "1"]
[White "Diehl, Achim"]
[Black "Niederkleine, Ingmar"]
[Result "1/2-1/2"]
[WhiteElo "1896"]
[BlackElo "1540"]
[PlyCount "106"]
[EventDate "2007.01.05"]
[EventType "swiss"]
[EventRounds "7"]
[EventCountry "GER"]
[SourceTitle "EXT 2015"]
[Source "ChessBase"]
[SourceDate "2014.11.20"]
[SourceVersion "1"]
[SourceVersionDate "2014.11.20"]
[SourceQuality "1"]

1. e4 c6 2. d4 d5 3. e5 e6 4. a3 c5 5. c3 Nc6 6. b4 cxd4 7. cxd4 Nge7 8. Nf3 g6 9. Nc3 a6 10. h4 Qc7 11. Bb2 Bg7 12. b5 Na7 13. Qb3 axb5 14. Bxb5+ Bd7 15. Bd3 0-0 16. Rc1 Nac6 17. Nb5 Qb6 18. h5 Nf5 19. Nd2 Rfc8 20. g4 Na5 21. Rxc8+ Rxc8 22. Qb4 Bf8 23. Nd6 Qxb4 24. axb4 Nxd6 25. bxa5 Nb5 26. Ke2 Ra8 27. Ra1 Be7 28. Nb3 Bd8 29. Nc5 Bc6 30. Nxb7 Bxb7 31. Bxb5 Rxa5 32. Rxa5 Bxa5 33. Bc1 Bd8 34. Bh6 gxh5 35. gxh5 f5 36. Ke3 Kf7 37. Kf4 Bc8 38. Bg5 Bb6 39. Ke3 Ba5 40. Be2 Bd7 41. Kf3 Bc3 42. Be3 Kg7 43. Kg3 h6 44. f4 Bb2 45. Kf3 Ba3 46. Bd2 Be7 47. Ke3 Kf7 48. Bc3 Be8 49. Kd3 Bh4 50. Kc2 Ke7 51. Bb4+ Kf7 52. Kd2 Bf2 53. Kc3 Kg7 1/2-1/2

[Event "Nuremberg-ch op 06th"]
[Site "Nuremberg"]
[Date "2006.06.03"]
[Round "3.50"]
[White "Niederkleine, Ingmar"]
[Black "Adelhuette, Dennis"]
[Result "0-1"]
[WhiteElo "1515"]
[BlackElo "1534"]
[PlyCount "68"]
[EventDate "2006.06.02"]
[EventType "swiss"]
[EventRounds "5"]
[EventCountry "GER"]
[SourceTitle "EXT 2007"]
[Source "ChessBase"]
[SourceDate "2006.11.23"]
[SourceVersion "1"]
[SourceVersionDate "2006.11.23"]
[SourceQuality "1"]

1. Nf3 Nc6 2. g3 e5 3. d3 d5 4. Bg2 Nf6 5. 0-0 Bf5 6. Nbd2 Bc5 7. b3 0-0 8. Bb2 d4 9. Nc4 Re8 10. Qc1 h6 11. Re1 e4 12. dxe4 Bxe4 13. a3 Bd5 14. Ncd2 Ng4 15. h3 Nf6 16. b4 Bb6 17. Bf1 a6 18. Rd1 Qd6 19. Bg2 Rxe2 20. Bf1 Re6 21. Bc4 d3 22. Kg2 Re2 23. Rf1 Be3 24. Bxd5 Nxd5 25. cxd3 Bxd2 26. Nxd2 Ne3+ 27. Kf3 Qxd3 28. fxe3 Qxe3+ 29. Kg4 Qg5+ 30. Kf3 Re3+ 31. Kg2 Qxg3+ 32. Kh1 Re2 33. Rf2 Rxf2 34. Qg1 Qxh3+ 0-1

[Event "Mittelfranken Mitte-ch 0506"]
[Site "Zirndorf"]
[Date "2006.01.08"]
[Round "6"]
[White "Schiller, Dirk1111"]
[Black "Niederkleine, Ingmar"]
[Result "1/2-1/2"]
[WhiteElo "1266"]
[BlackElo "1569"]
[PlyCount "47"]
[EventDate "2006.01.06"]
[EventType "swiss"]
[EventRounds "7"]
[EventCountry "GER"]
[SourceTitle "EXT 2015"]
[Source "ChessBase"]
[SourceDate "2014.11.20"]
[SourceVersion "1"]
[SourceVersionDate "2014.11.20"]
[SourceQuality "1"]

1. e4 c6 2. d4 d5 3. Nc3 dxe4 4. f3 exf3 5. Nxf3 Bg4 6. h3 Bxf3 7. Qxf3 Qxd4 8. Be3 Qf6 9. Qg3 Nd7 10. 0-0-0 e6 11. Qc7 Qd8 12. Qxb7 Qc8 13. Ba6 Qxb7 14. Bxb7 Rd8 15. Bxc6 Ngf6 16. Nb5 Rc8 17. Nd6+ Bxd6 18. Rxd6 Ke7 19. Rhd1 Rhd8 20. Bxa7 Rc7 21. Be3 Nd5 22. Rxd7+ Rcxd7 23. Bxd7 Nxe3 24. Rd3 1/2-1/2

[Event "Mittelfranken Mitte-ch 0506"]
[Site "Zirndorf"]
[Date "2006.01.07"]
[Round "3"]
[White "Niederkleine, Ingmar"]
[Black "Thuerauf, Peter"]
[Result "0-1"]
[WhiteElo "1569"]
[BlackElo "1882"]
[PlyCount "92"]
[EventDate "2006.01.06"]
[EventType "swiss"]
[EventRounds "7"]
[EventCountry "GER"]
[SourceTitle "EXT 2015"]
[Source "ChessBase"]
[SourceDate "2014.11.20"]
[SourceVersion "1"]
[SourceVersionDate "2014.11.20"]
[SourceQuality "1"]

1. d4 d5 2. Nf3 Nf6 3. c4 c6 4. Nc3 dxc4 5. a4 Bg4 6. e3 e6 7. Bxc4 Be7 8. 0-0 0-0 9. Be2 c5 10. h3 Bh5 11. Rb1 Nc6 12. dxc5 Bxc5 13. Qb3 Qe7 14. e4 Bxf3 15. Bxf3 Nd4 16. Qc4 Rac8 17. Qd3 Rfd8 18. Bg5 h6 19. Bxf6 Qxf6 20. Rfd1 Bb6 21. Nb5 Nxf3+ 22. Qxf3 Qxf3 23. gxf3 Rxd1+ 24. Rxd1 Rc2 25. Rf1 Rxb2 26. Kg2 a6 27. Nc3 Bd4 28. Nd1 Ra2 29. Re1 Rxa4 30. Re2 Ra1 31. Rd2 e5 32. f4 f6 33. fxe5 fxe5 34. Ne3 Bxe3 35. fxe3 Ra5 36. Rd8+ Kh7 37. Kf2 Rb5 38. Rd5 Kg6 39. Kf3 Rxd5 40. exd5 Kf6 41. e4 g6 42. Ke3 Ke7 43. Kd3 Kd6 44. Kc3 g5 45. Kd3 h5 46. Ke3 b5 0-1

[Event "Mittelfranken Mitte-ch 0506"]
[Site "Zirndorf"]
[Date "2006.01.06"]
[Round "2"]
[White "Boessenecker, Stephan"]
[Black "Niederkleine, Ingmar"]
[Result "0-1"]
[WhiteElo "1186"]
[BlackElo "1569"]
[PlyCount "54"]
[EventDate "2006.01.06"]
[EventType "swiss"]
[EventRounds "7"]
[EventCountry "GER"]
[SourceTitle "EXT 2015"]
[Source "ChessBase"]
[SourceDate "2014.11.20"]
[SourceVersion "1"]
[SourceVersionDate "2014.11.20"]
[SourceQuality "1"]

1. d4 Nf6 2. Nc3 d5 3. Bg5 Bf5 4. Nf3 Nc6 5. g3 e6 6. Bg2 h6 7. Bxf6 Qxf6 8. a3 a6 9. 0-0 g5 10. Re1 g4 11. Ne5 Nxe5 12. dxe5 Qxe5 13. e4 dxe4 14. Bxe4 Qf6 15. Bxf5 Qxf5 16. Qd4 f6 17. Nd5 0-0-0 18. Nb6+ cxb6 19. Qxb6 e5 20. Rad1 Be7 21. Rxd8+ Rxd8 22. Qb3 Kb8 23. Rf1 Rd2 24. c3 Bc5 25. Qg8+ Ka7 26. b4 Bxf2+ 27. Kh1 Qf3# 0-1

[Event "Nuremberg LGA Cup 2nd"]
[Site "Nuremberg"]
[Date "2005.09.09"]
[Round "2.75"]
[White "Hennch, Thomas"]
[Black "Niederkleine, Ingmar"]
[Result "0-1"]
[WhiteElo "1039"]
[BlackElo "1583"]
[PlyCount "70"]
[EventDate "2005.09.08"]
[EventType "swiss"]
[EventRounds "7"]
[EventCountry "GER"]
[SourceTitle "EXT 2022"]
[Source "ChessBase"]
[SourceDate "2021.10.06"]
[SourceVersion "1"]
[SourceVersionDate "2021.10.06"]
[SourceQuality "1"]

1. e4 e5 2. d4 exd4 3. c3 dxc3 4. Bc4 Qe7 5. Nxc3 Nf6 6. Qf3 h6 7. Qf4 d6 8. Nf3 Nc6 9. 0-0 Ne5 10. Bd5 c6 11. Nxe5 dxe5 12. Bxf7+ Kxf7 13. Qg3 Qc7 14. b3 Bb4 15. Bb2 Re8 16. Qd3 a5 17. Ne2 b6 18. a3 Bc5 19. b4 axb4 20. a4 Kf8 21. Ng3 Ba6 22. Qf3 Bxf1 23. Rxf1 Rxa4 24. Nf5 Ra7 25. Bc1 Qf7 26. Qg3 Nxe4 27. Qf3 Ng5 28. Bxg5 hxg5 29. Qh3 Qg6 30. Qf3 Rf7 31. g4 Qe6 32. Qh3 Kg8 33. Rd1 Bxf2+ 34. Kxf2 g6 35. Rd6 Qxd6 0-1

[Event "Nuremberg-ch op 04th"]
[Site "Nuremberg"]
[Date "2004.05.22"]
[Round "3"]
[White "Niederkleine, Ingmar"]
[Black "Ulusoy, Tolga"]
[Result "0-1"]
[WhiteElo "1580"]
[BlackElo "1800"]
[PlyCount "72"]
[EventDate "2004.05.21"]
[EventType "swiss"]
[EventRounds "5"]
[EventCountry "GER"]
[SourceTitle "EXT 2006"]
[Source "ChessBase"]
[SourceDate "2005.11.24"]
[SourceVersion "1"]
[SourceVersionDate "2005.11.24"]
[SourceQuality "1"]

1. d4 Nf6 2. c4 g6 3. Nc3 Bg7 4. e4 d6 5. Nf3 0-0 6. Be2 e5 7. Bg5 Nbd7 8. d5 a5 9. a3 h6 10. Bh4 Nc5 11. 0-0 g5 12. Bg3 Nfxe4 13. Nxe4 Nxe4 14. Bd3 Nc5 15. Bc2 f5 16. h3 e4 17. Nd4 Qf6 18. Nb5 Rf7 19. Nc3 f4 20. Bh2 Bf5 21. g4 fxg3 22. fxg3 Qd4+ 23. Kg2 Qxc4 24. Qe1 Nd3 25. Bxd3 exd3 26. Bg1 d2 27. Qd1 Raf8 28. Rxf5 Rxf5 29. Qxd2 Bxc3 30. Qxc3 Qxc3 31. bxc3 Rxd5 32. Re1 Rd2+ 33. Kh1 Rf3 34. Re7 Rxg3 35. Bd4 Rxh3+ 36. Kg1 c5 0-1